धरती की करवट / (Record no. 112055)

MARC details
000 -LEADER
fixed length control field 01045nam a22002537a 4500
005 - DATE AND TIME OF LATEST TRANSACTION
control field 20170124102933.0
010 ## - LIBRARY OF CONGRESS CONTROL NUMBER
LC control number A-989987
020 ## - INTERNATIONAL STANDARD BOOK NUMBER
Terms of availability 150.00
International Standard Book Number 8170556783
035 ## - SYSTEM CONTROL NUMBER
System control number A-989987
037 ## - SOURCE OF ACQUISITION
Source of stock number/acquisition Cen Lib/Ret
040 ## - CATALOGING SOURCE
Original cataloging agency DPL
Language of cataloging HN
082 ## - DEWEY DECIMAL CLASSIFICATION NUMBER
Classification number 821
Item number फिराक
100 ## - MAIN ENTRY--PERSONAL NAME
Personal name फिराक़ गोरखपुरी
9 (RLIN) 45668
245 ## - TITLE STATEMENT
Title धरती की करवट /
Statement of responsibility, etc फिराक गोरखपुरी
246 ## - VARYING FORM OF TITLE
Title proper/short title Dharti ki karvat /
Remainder of title by Firaque Gorakhpuri
260 ## - PUBLICATION, DISTRIBUTION, ETC. (IMPRINT)
Place of publication, distribution, etc नयी दिल्ली
Name of publisher, distributor, etc वाणी प्रकाशन
Date of publication, distribution, etc 1999
270 ## - ADDRESS
Address 21-ए, दरिया गंज
City नयी दिल्ली
Postal code 110002
300 ## - PHYSICAL DESCRIPTION
Extent 164पृ.
Dimensions 19सेमी (सजिल्द)
650 ## - SUBJECT ADDED ENTRY--TOPICAL TERM
Topical term or geographic name as entry element हिन्दी साहित्य
9 (RLIN) 45669
650 ## - SUBJECT ADDED ENTRY--TOPICAL TERM
Topical term or geographic name as entry element प्रगतिशील साहित्य
General subdivision काव्य
9 (RLIN) 45670
650 ## - SUBJECT ADDED ENTRY--TOPICAL TERM
Topical term or geographic name as entry element Hindi literature
9 (RLIN) 45671
650 ## - SUBJECT ADDED ENTRY--TOPICAL TERM
Topical term or geographic name as entry element Progressive literature
General subdivision Poetry
9 (RLIN) 45672
942 ## - ADDED ENTRY ELEMENTS (KOHA)
Source of classification or shelving scheme Dewey Decimal Classification
Koha item type Hindi Books
Classification part 821
Call number suffix फिराक
Holdings
Withdrawn status Lost status Damaged status Not for loan Home library Current library Date acquired Source of acquisition Cost, normal purchase price Total Checkouts Total Renewals Full call number Barcode Date last seen Date checked out Copy number Cost, replacement price Price effective from Koha item type
        Central Library Central Library 06/08/2015 Cen Lib/Ret 150.00 1 1 821 फिराक A-989987 22/01/2019 25/12/2018 1 150.00 06/08/2015 Hindi Books

© Delhi Public Library
Hit Counter
free hit counter